Los cálculos del ureter (Record no. 116897)

MARC details
000 -LEADER
campo de control de longitud fija 00767nam a2200217 4500
001 - NÚMERO DE CONTROL
campo de control 116897
003 - IDENTIFICADOR DE NÚMERO DE CONTROL
campo de control ES-MaACL
005 - FECHA Y HORA DE LA ÚLTIMA TRANSACCIÓN
campo de control 20250930063117.0
007 - CAMPO FIJO DE DESCRIPCIÓN FÍSICA--INFORMACIÓN GENERAL
campo de control de longitud fija t|
008 - DATOS DE LONGITUD FIJA--INFORMACIÓN GENERAL
campo de control de longitud fija 061121s1915 sp r ||||1| spa d
080 ## - NÚMERO DE LA CLASIFICACIÓN DECIMAL UNIVERSAL
Número de la Clasificación Decimal Universal 616.6-003.7
100 1# - ENTRADA PRINCIPAL--NOMBRE DE PERSONA
Nombre de persona Pascual Ríos, Salvador,
Fechas asociadas al nombre 1887-1938
9 (RLIN) 89396
245 14 - MENCIÓN DEL TÍTULO
Título Los cálculos del ureter
Resto del título : tesis de doctorado /
Mención de responsabilidad, etc. Salvador Pascual y Ríos.
260 ## - PUBLICACIÓN, DISTRIBUCIÓN, ETC.
Lugar de publicación, distribución, etc. Madrid :
Nombre del editor, distribuidor, etc. [s.n.],
Fecha de publicación, distribución, etc. 1915 (
Fabricante Imp. de "Alrededor del Mundo")
300 ## - DESCRIPCIÓN FÍSICA
Extensión 63 p. :
Otras características físicas il. ;
Dimensiones 24 cm.
500 ## - NOTA GENERAL
Nota general En port.: Publicado en la Revista Clínica de Madrid.
594 ## - Nota al título y mención de responsabilidad
Nota al título y mención de responsabilidad Precede al tít.: Facultad de Medicina de la Universidad Central.
650 04 - PUNTO DE ACCESO ADICIONAL DE MATERIA--TÉRMINO DE MATERIA
Término de materia o nombre geográfico como elemento de entrada Cálculos urinarios.
9 (RLIN) 135861
852 ## - LOCALIZACIÓN
Ubicación ES-MaACL
Número de control de estantería T-1472-F-12
Holdings
Estatus retirado Estado de pérdida Estado de daño No para préstamo Colección Biblioteca de origen Biblioteca actual Ubicación en estantería Fecha de adquisición Fuente de adquisición Total de préstamos Signatura topográfica completa Código de barras Visto por última vez Precio de reemplazo Tipo de ítem Koha
        Colección de folletos Biblioteca del Ateneo de Madrid Biblioteca del Ateneo de Madrid Depósito folletos 17/01/2008     T-1472-F-12 1121884 23/02/2023 23/02/2023 Folleto